000 00393nam a2200169Ia 4500
008 230524s9999 xx 000 0 und d
020 _a9789381626344
082 _bAMI
100 _aAmish
_941803
245 4 _aThe Secret of The Nagas
250 _a1
260 _aNew Delhi
_bWestland
_c2011
300 _a372p;
500 _aQuantity Number: 1
650 _aMisalliance
942 _cBK
999 _c56225
_d56225